00929 a2200409 4500000002100000001000700021005001700028008004100045010000500086020000500091082001800096100006500114110000500179245011900184250000500303260003400308300001000342490000700352500000500359600000500364610000500369611000500374630000500379650000500384651000500389654000500394700002600399700002600425700002500451710000900476711000500485720000500490730000500495740000500500752000500505856000900510BKB 07092820200902150911.0  a a a610.727bA58A1 aApplied bayesian statistical studies in biology and medicine a1 aApplied bayesian statistical studies in biology and medicinecedited by M. Di Bacco, G. D' Amore, and F. Scalfari, a aBostonbKluwer Academicc2004 a258p. av a a a a a a a a aBacco, M. Di, ed.bc aScalfari, F., ed.bc aAmore, G. D, ed.bc abc a a a a a adf